A universal second language

Saved in:
Bibliografiske detaljer
Hovedforfatter: Hankes, Elmer Joseph (Author)
Format: Bog
Sprog:engelsk
Udgivet: Minneapolis s.n 1992
Fag:
Tags: Tilføj Tag
Ingen Tags, Vær først til at tagge denne postø!

MARC

LEADER 00000nam a2200000 a 4500
001 UCJ9885
003 CL-VaPUC
008 070413e19920000us |||||||||||||||||eng|d
020 |a 0925837105 
082 0 4 |a 499.99  |b HAN  |2 21 
100 0 |a Hankes, Elmer Joseph  |e author  |9 519937 
245 1 2 |a A universal second language 
300 |a 170 p 
942 |c BK 
945 |d 20070413 00:00:00  |a jtorresc 
260 |a Minneapolis  |b s.n  |c 1992 
500 |a Donación del Dr. Luis Gómez Macker 
500 |a Incluye un cassette 
650 7 |a LENGUA UNIVERSAL  |2 CL-VaPUC  |9 519938 
650 7 |a LENGUA ARTIFICIAL  |2 CL-VaPUC  |9 519939 
583 |a last modification  |c 20180110 11:00:15  |k Rodrigo Vera 
999 |c 325228  |d 325226 
952 |0 0  |1 0  |4 0  |6 499_990000000000000_HAN_1992  |7 0  |8 A  |9 405862  |a FDOPOS  |b FDOPOS  |d 2019-11-22  |i 4274830  |o 499.99 HAN 1992  |p 4274830  |r 2025-01-22  |w 2019-11-22  |y BK  |k MLA